000 01039cam a22003254a 4500
999 _c1459
_d1459
001 15233263
003 OSt
005 20190918131816.0
008 080321s2009 paua 000 0 eng
010 _a 2008013394
020 _a9781416056195
035 _a(DNLM)101469454
040 _aDNLM/DLC
_cDLC
_dDLC
042 _apcc
050 0 0 _aRC78.2
_b.W43 2009
060 1 0 _aWN 17
_bW364n 2009
082 0 0 _aWN 17 W391n 2009
_222
100 1 _aWeber, Edward [et..al]
_cD.O.
_93848
245 1 0 _aNetter's Concise Radiologic Anatomy
250 _a1st ed.
260 _aPhiladelphia :
_bSaunders/Elsevier,
_cc2009.
300 _axxi, 479 p. :
_bill. (chiefly col.) ;
_c24 cm.
650 0 _aDiagnosis, Radioscopic
_vAtlases.
_93849
650 0 _aHuman anatomy
_vAtlases.
_9151
650 1 2 _aDiagnostic Imaging
_vAtlases.
_93850
650 2 2 _aAnatomy
_vAtlases.
_9152
856 4 1 _3Table of contents only
_uhttp://www.loc.gov/catdir/toc/ecip0814/2008013394.html
906 _a7
_bcbc
_corignew
_d1
_eecip
_f20
_gy-gencatlg
942 _2z
_cSLOAN